Toutes les créatures du jeux vidéo GROUNDED - Statistiques

Statistiques générales
  • Ce quiz a été pris 60 fois
  • Le résultat moyen est 32 sur 56
Statistiques - réponses
Par images Réponse % Correct
corbeau
93%
puceron
89%
abeille
86%
araignée loup
84%
larve
84%
moucheron
84%
têtard
84%
coccinelle
82%
punaise
80%
scarabée
80%
acarien
77%
fourmi rouge ouvrière
77%
guêpe
77%
luciole
75%
moustique
75%
carpe koï
73%
cloporte
73%
asticot
70%
fourmi rouge soldat
70%
fourmi noire ouvrière
68%
punaise verte
66%
veuve noire
66%
fourmi noire soldat
64%
moustique tigre
64%
orbitèle
64%
araignée loup infectée
61%
charançon
61%
fourmillion
61%
puce d'eau
61%
tique
61%
fourmi de feu ouvrière
57%
fourmi de feu soldat
57%
coccinelle infectée
52%
scarabée boeuf
52%
mite
50%
termite ouvrière
50%
cloporte maladif
45%
larve infectée
45%
moucheron dodu
45%
acarien domestique
43%
moucheron infectée
43%
larve de coccinelle
41%
orbitèle junior
41%
acarien infectée
39%
charançon infectée
36%
punaise d'eau
36%
coléoptère bombardier
34%
drone guêpe
34%
roi termite
34%
veuve noire juvénile
32%
coccinelle noire
30%
jeune araignée
30%
soldat termite
25%
argyronète
20%
puce d'eau en hameçon
9%
fourmillion fosse
2%
Aucun quiz correspondant
Distribution des résultats
% des personnes avec chaque résultat
Percentile par nombre de réponses
Votre historique - résultats
Vous n’avez pas pris ce quiz